| 000 | 00768nam a2200229 u 4500 | ||
|---|---|---|---|
| 005 | 20231020063952.0 | ||
| 008 | 170609s2007 mx r 000 0 spa d | ||
| 020 | _a9789707909625 (Obra completa) | ||
| 035 | _aUPN01000218544 | ||
| 049 | _aLTG | ||
| 050 | 4 |
_aLB1633 _bM6.2 2007 |
|
| 245 | 0 | 0 |
_aEspañol II : _bsegundo grado / _cAna Rosa Díaz Aguilar ... [et al.]. |
| 260 |
_aMéxico : _bSEP, Comisión Nacional de Libros de Texto Gratuitos, _bILCE , _c2007. |
||
| 300 |
_a2 v. : _bil. col., cuadros |
||
| 500 | _a"Telesecundaria" | ||
| 500 | _a"Ciclo escolar 2016-2017" | ||
| 650 | 4 |
_aEspañol _xEstudio y enseñanza (Secundaria) _97237 |
|
| 650 | 4 |
_aTelesecundaria _96411 |
|
| 700 | 1 |
_aDíaz Aguilar, Ana Rosa, _ecoaut. |
|
| 905 | _aLibro | ||
| 999 |
_c190644 _d190644 |
||